000 00683cab a2200229 4500
001 WB2626-59
008 090401t1990 xxu||||| |||| 00| 0 eng d
035 _a(Sirsi) u3499
041 _aeng
245 _aCan the DLR cope
260 _c1990
350 _a0
490 _aChartered Surveyor Weekly
_vvol 21 no 5/7/90 p8
520 _aThere is concern over whether the Docklands light railway will be able to cope with the volume of passengers when tenants move to Canary Wharf in 1992.
650 _aAMERICAN EXPRESS
650 _aBREAK CLAUSES
650 _aDOCKLANDS
650 _aLONDON
690 _aTRANSPORT AND COMMUNICATIONS
942 _n0
948 _c04/03/1997
999 _c2153
_d2153